00321nam a2200121 450000500170000010000200001724500360003726400380007330000180011133600220012933700240015133800240017520260530113844.01 aDavid E. Carter10aThe Little Book of Logo Recipes 1bHarper Design Internationalc2004 a272 páginas atexto2rdacontent asin medio2rdamedia avolumen2rdacarrier